[Event "Reunion op 12th"]
[Site "St Denis"]
[Date "2010.10.16"]
[Round "9"]
[White "Marimoutou, Olivier"]
[Black "Chan Faye, Yoann"]
[Result "1-0"]
[WhiteElo "1499"]
[BlackElo "1220"]
[PlyCount "105"]
[EventDate "2010.10.09"]
[EventType "swiss"]
[EventRounds "9"]
[EventCountry "RUF"]
[SourceTitle "CBM 138 Extra"]
[Source "ChessBase"]
[SourceDate "2010.10.29"]
[SourceVersion "1"]
[SourceVersionDate "2010.10.29"]
[SourceQuality "1"]

1. d4 d5 2. c4 c6 3. Nc3 Bf5 4. Nf3 e6 5. Bf4 Bb4 6. Bd2 Nf6 7. e3 Nbd7 8. Be2 dxc4 9. 0-0 b5 10. a4 Bxc3 11. Bxc3 0-0 12. b3 Nb6 13. Bb4 Re8 14. Ne5 a5 15. Nxc6 Qc7 16. Nxa5 Bd3 17. Bxd3 cxd3 18. Rc1 Qb8 19. Nc6 Qb7 20. Qxd3 Kh8 21. Qxb5 Ng4 22. a5 Qc7 23. g3 Nd5 24. Ne7 Qd8 25. Nxd5 exd5 26. Qd3 Qf6 27. Rc7 Rac8 28. Rxc8 Rxc8 29. h3 Nh6 30. Qb5 Qe6 31. Kh2 g6 32. Qb7 g5 33. a6 g4 34. h4 Qe8 35. a7 Kg7 36. Qxd5 Ra8 37. Qg5+ Kh8 38. Qxh6 Rxa7 39. Bf8 f5 40. Ra1 Rf7 41. Bc5 Qc6 42. Qxc6 Kg8 43. Ra8+ Kg7 44. b4 h5 45. Ra7 Rxa7 46. Bxa7 Kf7 47. d5 Ke7 48. Bb6 Kf7 49. Qe6+ Kg7 50. Bd4+ Kf8 51. Bf6 f4 52. Qe7+ Kg8 53. Qg7# 1-0

[Event "Reunion op 12th"]
[Site "St Denis"]
[Date "2010.10.14"]
[Round "7"]
[White "Marimoutou, Olivier"]
[Black "Lorans, Maxime"]
[Result "1/2-1/2"]
[WhiteElo "1499"]
[BlackElo "1120"]
[PlyCount "88"]
[EventDate "2010.10.09"]
[EventType "swiss"]
[EventRounds "9"]
[EventCountry "RUF"]
[SourceTitle "CBM 138 Extra"]
[Source "ChessBase"]
[SourceDate "2010.10.29"]
[SourceVersion "1"]
[SourceVersionDate "2010.10.29"]
[SourceQuality "1"]

1. d4 d5 2. c4 e6 3. Nc3 Nf6 4. Nf3 dxc4 5. Bf4 Bd6 6. Be5 Bxe5 7. Nxe5 0-0 8. e3 Nc6 9. Nxc6 bxc6 10. Bxc4 Rb8 11. b3 Qd6 12. 0-0 Rd8 13. Na4 h6 14. f4 a5 15. Nc5 Ra8 16. Qf3 Nd7 17. Bb5 Nxc5 18. dxc5 Qxc5 19. Bxc6 Ra6 20. Rac1 Qb6 21. Kh1 Rd6 22. Be4 f5 23. Qh5 Bd7 24. Bc2 Qxe3 25. Rce1 Qc5 26. Bb1 a4 27. Rf3 Qb5 28. h3 Qb4 29. Re5 Rd1+ 30. Kh2 Rxb1 31. Qg6 Bc6 32. Rg3 Qf8 33. Rxe6 Be8 34. Rxe8 Rxg6 35. Rxf8+ Kxf8 36. Rxg6 axb3 37. axb3 Rxb3 38. Rc6 Rb2 39. Rxc7 g5 40. Rh7 gxf4 41. Rxh6 f3 42. Rf6+ Ke7 43. Rxf5 Rxg2+ 44. Kh1 Rg3 1/2-1/2

[Event "Reunion op 12th"]
[Site "St Denis"]
[Date "2010.10.14"]
[Round "6"]
[White "Rivolo, Jean Guillaume"]
[Black "Marimoutou, Olivier"]
[Result "1-0"]
[WhiteElo "1600"]
[BlackElo "1499"]
[PlyCount "52"]
[EventDate "2010.10.09"]
[EventType "swiss"]
[EventRounds "9"]
[EventCountry "RUF"]
[SourceTitle "CBM 138 Extra"]
[Source "ChessBase"]
[SourceDate "2010.10.29"]
[SourceVersion "1"]
[SourceVersionDate "2010.10.29"]
[SourceQuality "1"]

1. d4 d5 2. e3 Nf6 3. Nf3 Nc6 4. c4 b6 5. Nc3 Bf5 6. Bd3 Bxd3 7. Qxd3 Nb4 8. Qe2 e6 9. cxd5 exd5 10. 0-0 Ne4 11. Nxe4 dxe4 12. Ne5 Bd6 13. a3 Nd3 14. Nxd3 exd3 15. Qxd3 0-0 16. Bd2 a5 17. Rfd1 f5 18. b4 axb4 19. Bxb4 Bxb4 20. axb4 Qd5 21. Rac1 c6 22. Qc4 Rac8 23. Qxd5+ cxd5 24. b5 f4 25. Rc6 fxe3 26. fxe3 Rf6 1-0

[Event "Reunion op 12th"]
[Site "St Denis"]
[Date "2010.10.10"]
[Round "2"]
[White "Semanele, Donald"]
[Black "Marimoutou, Olivier"]
[Result "0-1"]
[WhiteElo "1280"]
[BlackElo "1499"]
[PlyCount "84"]
[EventDate "2010.10.09"]
[EventType "swiss"]
[EventRounds "9"]
[EventCountry "RUF"]
[SourceTitle "CBM 138 Extra"]
[Source "ChessBase"]
[SourceDate "2010.10.29"]
[SourceVersion "1"]
[SourceVersionDate "2010.10.29"]
[SourceQuality "1"]

1. e4 c5 2. Nc3 d6 3. Nf3 a6 4. d4 cxd4 5. Nxd4 Nf6 6. h3 g6 7. Bc4 Bg7 8. Be3 Bd7 9. Qf3 Bc6 10. Nxc6 Nxc6 11. Bb3 0-0 12. 0-0-0 e5 13. Na4 b5 14. Nc5 Qc7 15. Nd3 Qa5 16. c3 Qc7 17. Bg5 Nd7 18. Ne1 Nc5 19. Bd5 Rab8 20. Bxc6 Qxc6 21. Be7 Rfe8 22. Bxd6 Rbd8 23. Bxc5 Rxd1+ 24. Qxd1 Qxc5 25. f3 b4 26. Qd7 Qe3+ 27. Kc2 Rb8 28. Nd3 bxc3 29. Kxc3 Bh6 30. Re1 Qd2+ 31. Kc4 Rb5 32. Qc8+ Bf8 33. Rc1 Kg7 34. b4 Qxa2+ 35. Kc3 Bxb4+ 36. Nxb4 Qa3+ 37. Kd2 Qxb4+ 38. Ke2 Qd4 39. Rc2 Rb3 40. Qxa6 Qe3+ 41. Kd1 Rb1+ 42. Rc1 Rxc1# 0-1